Peter Camenzind / (Record n. 358064)

Dettagli MARC
000 -LEADER
fixed length control field 01355nam a22002657a 4500
003 - CONTROL NUMBER IDENTIFIER
control field IT-MiSPE
005 - DATE AND TIME OF LATEST TRANSACTION
control field 20181114203732.0
008 - FIXED-LENGTH DATA ELEMENTS--GENERAL INFORMATION
fixed length control field 181114b ||||| |||| 00| 0 eng d
020 ## - INTERNATIONAL STANDARD BOOK NUMBER
Terms of availability 10.000 LIRE
040 ## - CATALOGING SOURCE
Original cataloging agency IT-MiSPE
Language of cataloging ita
Transcribing agency IT-MiSPE
Modifying agency IT-MiSPE
041 ## - LANGUAGE CODE
Language code of text/sound track or separate title ita
Language code of original ger
082 ## - DEWEY DECIMAL CLASSIFICATION NUMBER
Classification number 833-HES he pe (23207)
100 ## - MAIN ENTRY--PERSONAL NAME
Personal name Hesse, Hermann,
Titles and words associated with a name Premio Nobel (1946).
Dates associated with a name 1877-1962.
Relator term autore
9 (RLIN) 57503
240 ## - UNIFORM TITLE
Uniform title Peter Camenzind ;
Language of a work ger
245 ## - TITLE STATEMENT
Title Peter Camenzind /
Statement of responsibility, etc. introduzione di Italo A. Chiusano ; traduzione di Ervino Pocar
260 ## - PUBLICATION, DISTRIBUTION, ETC. (IMPRINT)
Place of publication, distribution, etc. Milano :
Name of publisher, distributor, etc. Mondadori,
Date of publication, distribution, etc. ©1980 [1992]
300 ## - PHYSICAL DESCRIPTION
Extent 139 p. ;
Dimensions 18,5 cm
490 ## - SERIES STATEMENT
Series statement Oscar narratori del Novecento
520 ## - SUMMARY, ETC.
Summary, etc. Viene descritta l'esistenza di un uomo nato in un piccolo villaggio tra le montagne. Peter si distingue subito per il suo amore esuberante per la vita all'aria aperta, completamente immersa nella natura; passa il suo tempo nei boschi ad osservar la fauna selvatica. La vicenda si focalizza sulla trasformazione interiore nel tempo di Peter il quale, attraverso l'educazione, riesce a sceglier la propria carriera, l'attività intellettuale.
546 ## - LANGUAGE NOTE
Language note Traduzione di Ervino Pocar
655 ## - INDEX TERM--GENRE/FORM
Genre/form data or focus term Lingua e letteratura tedesca
9 (RLIN) 57496
700 ## - ADDED ENTRY--PERSONAL NAME
Personal name Pocar, Ervino
Dates associated with a name 1892-1981
Relator term tr.
9 (RLIN) 57500
700 ## - ADDED ENTRY--PERSONAL NAME
Personal name Chiusano, Italo Alighiero
Dates associated with a name 1926-1995
Relator term introduzione
9 (RLIN) 57504
942 ## - ADDED ENTRY ELEMENTS (KOHA)
Source of classification or shelving scheme Dewey Decimal Classification
Koha item type LIBRO
Dati di copia
Withdrawn status Lost status Source of classification or shelving scheme Damaged status Not for loan Home library Current library Date acquired Total Checkouts Full call number Date last seen Price effective from Koha item type
    Dewey Decimal Classification Buone Condizioni Not For Loan CINISELLO CINISELLO 14/11/2018   833-HES he pe (23207) 14/11/2018 14/11/2018 LIBRO
CREDITS: SOCIETA' SAN PAOLO Via A.Severo, 58 - ROMA (RM) & PERIODICI SAN PAOLO SRL Via Giotto, 36 MILANO & CISF Via Giotto, 36 MILANO & EDIZIONI SAN PAOLO SRL,  Piazza Soncino, 5 CINISELLO BALSAMO (MI) -- ITALY